|
|
|
|
| LEADER |
00826nab#a2200313#ar4500 |
| 001 |
000044094 |
| 003 |
SVKKK |
| 005 |
00000000000000.0 |
| 008 |
c xo e sloo |
| FMT |
|
|
|
| 038 |
|
|
|a SVKKK
|
| 040 |
|
|
|a SVKKK
|b slo
|e AACR2
|
| 041 |
0 |
|
|a slo
|
| 044 |
|
|
|a xo
|c SK
|
| 080 |
|
|
|a 656.2:343.6/.
|2 1981
|
| 100 |
0 |
|
|a lia
|4 aut
|
| 245 |
1 |
0 |
|a Koľajové straky :
|b Krádeže na železnici sú každodenným javom
|c lia , , Palik Roman
|
| 300 |
|
|
|b Fotogr.1
|
| 650 |
0 |
4 |
|a krádeže
|z Košice
|x situácia finančná
|x bilancia
|x informácie
|
| 650 |
0 |
4 |
|a železnice
|
| 700 |
1 |
|
|a Palik, Roman
|4 aut
|
| 773 |
0 |
|
|t Košický večer
|g Roč. 11(32), č. 75(2000), dát. 0417, s. 5
|
| 957 |
|
|
|a Košice
|
| 958 |
|
|
|a KE
|
| 974 |
|
|
|d 000925
|a Mi
|
| 992 |
|
|
|a RBX
|
| BAS |
|
|
|
| 852 |
|
|
|a SVKKK
|b BIB
|
| 998 |
|
|
|a REG
|